Maximizing your potential :the keys to dying empty / (Record no. 4448)

000 -LEADER
fixed length control field 00929cam a2200289 a 4500
001 - CONTROL NUMBER
control field 4483015
003 - CONTROL NUMBER IDENTIFIER
control field OSt
005 - DATE AND TIME OF LATEST TRANSACTION
control field 20251120113157.0
008 - FIXED-LENGTH DATA ELEMENTS--GENERAL INFORMATION
fixed length control field 961003s1996 pau 000 0 eng
010 ## - LIBRARY OF CONGRESS CONTROL NUMBER
LC control number 96205153
020 ## - INTERNATIONAL STANDARD BOOK NUMBER
International Standard Book Number 1560431059
020 ## - INTERNATIONAL STANDARD BOOK NUMBER
International Standard Book Number 9781560431053
035 ## - SYSTEM CONTROL NUMBER
System control number 4483015
040 ## - CATALOGING SOURCE
Original cataloging agency DLC
Transcribing agency DLC
Modifying agency DLC
050 00 - LIBRARY OF CONGRESS CALL NUMBER
Classification number BV4598.2.M858 2008
082 00 - DEWEY DECIMAL CLASSIFICATION NUMBER
Classification number 248.4
Edition number 21
100 1# - MAIN ENTRY--PERSONAL NAME
Personal name Munroe, Myles.
245 10 - TITLE STATEMENT
Title Maximizing your potential :the keys to dying empty /
Statement of responsibility, etc Myles Munroe.
260 ## - PUBLICATION, DISTRIBUTION, ETC. (IMPRINT)
Place of publication, distribution, etc Shippensburg, PA :
Name of publisher, distributor, etc Destiny Image Publishers,
Date of publication, distribution, etc c1996.
300 ## - PHYSICAL DESCRIPTION
Extent 176 p. ;
Dimensions 21 cm.
650 #0 - SUBJECT ADDED ENTRY--TOPICAL TERM
Topical term or geographic name as entry element Self-actualization (Psychology)
General subdivision Religious aspects
-- Christianity.
650 #0 - SUBJECT ADDED ENTRY--TOPICAL TERM
Topical term or geographic name as entry element Christian life.
906 ## - LOCAL DATA ELEMENT F, LDF (RLIN)
a 7
b cbc
c orignew
d 2
e ncip
f 19
g y-gencatlg
942 ## - ADDED ENTRY ELEMENTS (KOHA)
Source of classification or shelving scheme
Koha item type Fiction and Non- Fiction novels
Holdings
Withdrawn status Lost status Source of classification or shelving scheme Damaged status Not for loan Home library Current library Shelving location Date acquired Total Checkouts Full call number Barcode Date last seen Price effective from Koha item type
          Riara University Library Riara University Library Leisure Reading 20/11/2025   BV4598.2.M858 2008 10838/25 20/11/2025 20/11/2025 Fiction and Non- Fiction novels

Riara University Library,
P.O. Box 49940-00100,
Nairobi, Kenya.